MARC
LEADER
00000nam0a2200000 4500
001
261354
005
20231101233546.0
035
|a (RuTPU)RU\TPU\book\284330
090
|a 261354
100
|a 20140522d1984 k y0rusy50 ca
101
0
|a rus
102
|a RU
105
|a a z 001zy
200
1
|a Магнито- и электропоглощение света в полупроводниках
|e [монография]
|f А. Г. Жилич, Б. С. Монозон
|g Ленинградский государственный университет (ЛГУ)
210
|a Ленинград
|c Изд-во ЛГУ
|d 1984
215
|a 204 с.
|c ил.
320
|a Библиогр.: с. 192-202.
606
1
|a Полупроводники
|x Оптические свойства
|2 stltpush
|3 (RuTPU)RU\TPU\subj\50577
|9 69230
610
1
|a свет
610
1
|a поглощение
610
1
|a магнитное поле
610
1
|a электрическое поле
675
|a 537.311.322:535
|v 3
700
1
|a Жилич
|b А. Г.
701
1
|a Монозон
|b Б. С.
712
0
2
|a Ленинградский государственный университет (ЛГУ)
|c (1924-1991)
|2 stltpush
|3 (RuTPU)RU\TPU\col\77
801
1
|a RU
|b 63413507
|c 20140522
801
2
|a RU
|b 63413507
|c 20150206
|g RCR
942
|c BK